000 00364nam a2200157Ia 4500
008 210210b1950 xxu||||| |||| 00| 0 eng d
041 _aeng
082 _a954/318
100 _aPIGGOTT (S)
245 _aPrehistoric India
260 _aBritain
_bPenguin Books
_c1950
650 _aPrehistoric
650 _aIndia
690 _aIndian History
906 _a026078
999 _c152012
_d152012